Tại sao?

Thiên nhiên là một thế giới đầy kỳ lạ và huyền bí, nó ẩn giấu trong mình nhiều bí mật. Còn muốn sáng chế ra một cỗ máy, một công trình, con người cũng phải có một bí quyết nào đó. Tập sách Tại Sao? này dành cho lứa tuổi thiếu niên...

Полное описание

Сохранить в:
Библиографические подробности
Главный автор: Phạm, Văn Khiết
Формат:
Язык:Undetermined
Опубликовано: Tp. Hồ Chí Minh Trẻ 2004
Предметы:
Метки: Добавить метку
Нет меток, Требуется 1-ая метка записи!
Thư viện lưu trữ: Trung tâm Học liệu Trường Đại học Cần Thơ
LEADER 01389nam a2200205Ia 4500
001 CTU_91052
008 210402s9999 xx 000 0 und d
020 |c 15000 
082 |a 500 
082 |b Kh308/T.5 
100 |a Phạm, Văn Khiết 
245 0 |a Tại sao? 
245 0 |c Phạm Văn Khiết biên dịch 
260 |a Tp. Hồ Chí Minh 
260 |b Trẻ 
260 |c 2004 
520 |a Thiên nhiên là một thế giới đầy kỳ lạ và huyền bí, nó ẩn giấu trong mình nhiều bí mật. Còn muốn sáng chế ra một cỗ máy, một công trình, con người cũng phải có một bí quyết nào đó. Tập sách Tại Sao? này dành cho lứa tuổi thiếu niên nhi đồng nhằm khám phá ra những điều chưa biết nói trên. Sách đề cập đến trên thì trời, dưới thì đất, xung quanh ta là động vật, thực vật, máy móc..., giúp các em mở rộng kiến thức, tăng khả năng suy nghĩ và quan sát phân tích, sẽ là những trang viết giúp nâng cao tính kiên trì rèn luyện học khoa học hàng ngày của các em nhỏ. 
650 |a Knowledge 
904 |i Mai Loan 
980 |a Trung tâm Học liệu Trường Đại học Cần Thơ